000 00575nam a2200193 4500
005 20241008160139.0
010 _aENG-141967
020 _c999.00
_a9788173718847
035 _aEN-125499
037 _bDBAD
082 _a005.74
_23
100 _aPujari, Arun K
_972475
245 _aData Mining Techniques/
_cBy Arun K Pujari
250 _a3
260 _aHyderabad
_bUniversities Press (India) Pvt. Ltd.
_c2013
270 _a3-6-747/A & 3-6-754/1, Himayatnagar
_bHyderabad
_e500029
300 _axxii,366p.
_c24cm(pb)
942 _2ddc
_cEN
_h005.74
_mPUJ
999 _c206173
_d206173